| 000 | 00398cam a2200169ua 4500 | ||
|---|---|---|---|
| 020 | _c1.50 | ||
| 041 |
_amal _h |
||
| 082 |
_a894.812803 _bBHA/AT |
||
| 100 | _aBharati Udayabhanu, M.P . | ||
| 245 | _aAtu kalayil ninnu parliamentileku | ||
| 260 |
_aKottayam : _bNational Book Stall , _c1961. |
||
| 300 | _a148 ; . | ||
| 365 | _a1.50 | ||
| 504 | _a | ||
| 942 | _cBK | ||
| 999 |
_c4323 _d4323 |
||